000 01186nam a2200289 a 4500
001 BRCA_1088
005 20190320203256.0
008 971022s1998 nmua---##b---#001-0#eng-d
020 _a0890133573 (cloth)
020 _a0890133581 (pbk.)
040 _aDLC
_cDLC
_dDLC
050 4 _aND253
_b.B87 1998
100 1 _aBurke, Marcus B.
_92319
245 1 0 _aTreasures of Mexican colonial painting
_bthe Davenport Museum of Art collection
_cMarcus B. Burke.
260 _aSanta Fe, Nuevo Mexico
_bMuseum of New Mexico Press : The Davenport Museum of Art
_c1998.
300 _axiv, 176 p.
_bil. (a color)
_c31 cm.
500 _aIncluye índice alfabetico
500 _a2do. ejemplar en el Área de Investigación
504 _aBibliografía : (p. 169-171)
600 1 4 _aFicke, Charles August
_vCatálogos
_xColecciones de arte
_93583
610 2 4 _aDavenport Museum of Art
_vCatálogos.
_zIowa (Estados Unidos)
_93584
650 1 4 _aPintura mexicana
_vCatálogos
_93411
650 1 4 _aPintura colonial
_vCatálogos
_zMéxico
_93412
650 1 4 _aPintura
_vCatálogos
_xColecciones privadas
_zIowa (Estados Unidos)
_93585
710 2 _aDavenport Museum of Art (Davenport, Iowa)
_93586
942 _2lcc
_cB
999 _c967
_d967